[Event "VIE-ch U13"]
[Site "Hai Phong"]
[Date "2018.07.09"]
[Round "5"]
[White "Tran, Hai Duc"]
[Black "Ngo, Duy Hoang"]
[Result "1-0"]
[WhiteElo "1840"]
[BlackElo "1826"]
[PlyCount "103"]
[EventDate "2018.07.07"]
[EventType "swiss"]
[EventRounds "9"]
[EventCountry "VIE"]
[SourceTitle "EXT 2019"]
[Source "ChessBase"]
[SourceDate "2018.10.10"]
[SourceVersion "1"]
[SourceVersionDate "2018.10.10"]
[SourceQuality "1"]

1. d4 d5 2. c4 c6 3. e3 Nf6 4. Nf3 Bf5 5. Nbd2 Nbd7 6. Be2 dxc4 7. Nxc4 e6 8. 0-0 Be7 9. Bd3 Bg6 10. b3 0-0 11. Bb2 Rc8 12. Bxg6 hxg6 13. Qe2 Re8 14. Rfd1 Qc7 15. Rac1 Rcd8 16. h3 Nb6 17. Nce5 Nfd7 18. Nd3 Nd5 19. a3 Qb6 20. b4 a5 21. bxa5 Qxa5 22. Qd2 Qxd2 23. Nxd2 Ra8 24. Ra1 Ra7 25. Ra2 Rea8 26. Rda1 N7b6 27. e4 Nc7 28. Nc5 Nb5 29. a4 Bxc5 30. dxc5 Nxa4 31. Nc4 Ra6 32. Nb6 Nxb6 33. Rxa6 bxa6 34. cxb6 a5 35. Rxa5 Rb8 36. Ra6 c5 37. Be5 Rb7 38. Ra8+ Kh7 39. Rb8 Rxb8 40. Bxb8 Nd4 41. b7 Nc6 42. Bd6 c4 43. b8Q Nxb8 44. Bxb8 Kh6 45. Kf1 Kg5 46. Ke2 Kh4 47. Ke3 g5 48. Kd4 g4 49. hxg4 Kxg4 50. Kxc4 f5 51. Kd4 g5 52. Ke5 1-0

[Event "VIE-ch U13"]
[Site "Hai Phong"]
[Date "2018.07.07"]
[Round "2"]
[White "Ngo, Duy Hoang"]
[Black "Hoang, Quoc Khanh"]
[Result "0-1"]
[WhiteElo "1826"]
[BlackElo "1852"]
[PlyCount "78"]
[EventDate "2018.07.07"]
[EventType "swiss"]
[EventRounds "9"]
[EventCountry "VIE"]
[SourceTitle "EXT 2019"]
[Source "ChessBase"]
[SourceDate "2018.10.10"]
[SourceVersion "1"]
[SourceVersionDate "2018.10.10"]
[SourceQuality "1"]

1. d4 e6 2. c4 c5 3. d5 exd5 4. cxd5 d6 5. Nc3 Nf6 6. e4 Be7 7. Bd3 a6 8. a4 Nbd7 9. Nf3 Qc7 10. h3 b6 11. Bf4 0-0 12. 0-0 Re8 13. Re1 Bf8 14. Nd2 Bb7 15. Nc4 Rad8 16. Qb3 Rb8 17. Rad1 h6 18. h4 Bc8 19. Bg3 Ne5 20. f4 Nxd3 21. Rxd3 b5 22. axb5 axb5 23. Nxb5 Qd7 24. e5 Rxb5 25. Qd1 Nh7 26. exd6 Rxe1+ 27. Qxe1 Rb4 28. Qc3 Ba6 29. Ne5 Qxd6 30. Rd2 Nf6 31. Qa3 Ne4 32. Rd1 c4 33. Be1 Rb3 34. Qa4 Bb5 35. Qa2 Qb6+ 36. Kh2 Qe3 37. Nf3 Qxf4+ 38. Kg1 Bc5+ 39. Kh1 Rxf3 0-1

[Event "VIE Cup"]
[Site "Bac Giang"]
[Date "2018.06.03"]
[Round "7"]
[White "Bui, Dang Loc"]
[Black "Ngo, Duy Hoang"]
[Result "1-0"]
[WhiteElo "1650"]
[BlackElo "1881"]
[PlyCount "75"]
[EventDate "2018.05.30"]
[EventType "swiss"]
[EventRounds "9"]
[EventCountry "VIE"]
[SourceTitle "CBM 184 Extra"]
[Source "ChessBase"]
[SourceDate "2018.06.28"]
[SourceVersion "1"]
[SourceVersionDate "2018.06.28"]
[SourceQuality "1"]

1. d4 d5 2. c4 c6 3. Nf3 Nf6 4. Nc3 dxc4 5. a4 Bf5 6. e3 e6 7. Bxc4 Bb4 8. 0-0 0-0 9. Qe2 Nbd7 10. e4 Bg4 11. Bg5 Qb6 12. Rfd1 Rfe8 13. Be3 Qc7 14. h3 Bh5 15. Bd3 e5 16. Rac1 Qd8 17. Bb1 Qe7 18. d5 Bxc3 19. dxc6 bxc6 20. Rxc3 Bxf3 21. Qxf3 Rec8 22. Rdc1 Qb4 23. b3 c5 24. Bd3 Rc7 25. Bc4 Rac8 26. Rd3 Qb7 27. Rcd1 h6 28. Qf5 a6 29. Bxh6 gxh6 30. Qg6+ Kh8 31. Qxh6+ Nh7 32. Bxf7 Ndf8 33. Bd5 Qa7 34. Rg3 Rg7 35. Rdd3 Rcc7 36. Rdf3 Rc8 37. Rxg7 Qxg7 38. Rg3 1-0

[Event "VIE Cup"]
[Site "Bac Giang"]
[Date "2018.05.31"]
[Round "3"]
[White "Ngo, Duy Hoang"]
[Black "Nguyen, Le Minh Phu"]
[Result "1-0"]
[WhiteElo "1881"]
[BlackElo "1792"]
[PlyCount "127"]
[EventDate "2018.05.30"]
[EventType "swiss"]
[EventRounds "9"]
[EventCountry "VIE"]
[SourceTitle "CBM 184 Extra"]
[Source "ChessBase"]
[SourceDate "2018.06.28"]
[SourceVersion "1"]
[SourceVersionDate "2018.06.28"]
[SourceQuality "1"]

1. d4 Nf6 2. c4 e6 3. Nc3 Bb4 4. Nf3 0-0 5. Bg5 d5 6. e3 Nbd7 7. Bd3 h6 8. Bh4 b6 9. 0-0 Bb7 10. Rc1 Be7 11. Re1 c5 12. Bg3 a6 13. a4 Rc8 14. cxd5 exd5 15. Qe2 c4 16. Bc2 Re8 17. Red1 Nh5 18. b3 Ba3 19. Rb1 Nxg3 20. hxg3 Qc7 21. b4 Qd6 22. Na2 Rc7 23. Ne1 a5 24. bxa5 bxa5 25. Nc3 Ba6 26. Nb5 Bxb5 27. Rxb5 Bb4 28. Rb1 Nf6 29. Kh2 Rcc8 30. Nf3 Rb8 31. Rxb8 Rxb8 32. Ne5 Nd7 33. f4 c3 34. Qd3 Nf6 35. Kg1 Ne4 36. g4 Rb7 37. Rf1 Ba3 38. g5 Rb2 39. Nf3 hxg5 40. Nxg5 Qg6 41. Nxe4 Qxe4 42. Qxe4 dxe4 43. Bxe4 c2 44. Rc1 Rb1 45. Rxb1 cxb1Q+ 46. Bxb1 Bc1 47. Kf2 f6 48. Be4 Kf8 49. Kf3 Ke7 50. g3 Kd6 51. Bb7 Bd2 52. e4 Bc3 53. e5+ Ke6 54. d5+ Ke7 55. Ke4 Bb4 56. g4 Ba3 57. Bc6 fxe5 58. fxe5 g6 59. d6+ Ke6 60. Bd5+ Kd7 61. Bf7 g5 62. Kd5 Kd8 63. e6 Kc8 64. e7 1-0